000 00510nam a2200205Ia 4500
005 20250923150323.0
008 008 250917s9999 xx 000 0 eng d
037 _aTextual
040 _aDSWL
_beng
_cDSWL
041 _aeng
_2eng
084 _qDSWL
245 0 _aFeminist local and global theory
_cEd.by Cr Mc Cann
260 _aNew York
_bRoutledge
_c2012
300 _a562p.
365 _aINR
_b1250
650 _aSK Kim
_9844658
925 _g1250
942 _cTEXL
999 _c1462133
_d1462133